[Event "Legnica Voivoda Cup 29th"]
[Site "Legnica"]
[Date "2013.11.26"]
[Round "8"]
[White "Sieciechowicz, Marcin"]
[Black "Pieniazek, Artur"]
[Result "1-0"]
[WhiteElo "2453"]
[BlackElo "2348"]
[PlyCount "83"]
[EventDate "2013.11.21"]
[EventType "tourn"]
[EventRounds "9"]
[EventCountry "POL"]
[EventCategory "8"]
[SourceTitle "CBM 157 Extra"]
[Source "ChessBase"]
[SourceDate "2013.12.19"]
[SourceVersion "1"]
[SourceVersionDate "2013.12.19"]
[SourceQuality "1"]

1. d4 Nf6 2. c4 e6 3. Nf3 b6 4. g3 Ba6 5. Qc2 Bb4+ 6. Nbd2 0-0 7. Bg2 d5 8. 0-0 c6 9. Rd1 Nbd7 10. Qa4 Bxd2 11. Qxa6 Bxc1 12. Raxc1 Qc8 13. Qa4 Qb7 14. Rc2 Rac8 15. Rdc1 c5 16. cxd5 exd5 17. dxc5 bxc5 18. Qf4 Rfe8 19. Rd1 Qa6 20. a3 Re4 21. Qd2 Rce8 22. e3 Qb6 23. Ne1 R4e5 24. Nd3 R5e7 25. Nf4 d4 26. exd4 cxd4 27. Qxd4 Re1+ 28. Bf1 Qa6 29. Rxe1 Rxe1 30. Qc4 Qd6 31. Rc1 Rxc1 32. Qxc1 g5 33. Nd3 h6 34. b4 Qd4 35. Qb2 Qb6 36. Qc3 Ne4 37. Qc8+ Nf8 38. Nc5 Nxc5 39. bxc5 Qa5 40. c6 Kg7 41. c7 Ne6 42. Qxe6 1-0

[Event "Legnica Voivoda Cup 29th"]
[Site "Legnica"]
[Date "2013.11.22"]
[Round "3"]
[White "Simacek, Pavel"]
[Black "Pieniazek, Artur"]
[Result "1-0"]
[WhiteElo "2485"]
[BlackElo "2348"]
[PlyCount "67"]
[EventDate "2013.11.21"]
[EventType "tourn"]
[EventRounds "9"]
[EventCountry "POL"]
[EventCategory "8"]
[SourceTitle "CBM 157 Extra"]
[Source "ChessBase"]
[SourceDate "2013.12.19"]
[SourceVersion "1"]
[SourceVersionDate "2013.12.19"]
[SourceQuality "1"]

1. e4 c5 2. Nf3 e6 3. b3 a6 4. Bb2 Nc6 5. Qe2 d6 6. d4 cxd4 7. Nxd4 Bd7 8. Nd2 Nf6 9. 0-0-0 Nxd4 10. Bxd4 e5 11. Bb2 Be7 12. Nc4 0-0 13. Nxd6 Bg4 14. f3 Bxd6 15. fxg4 Qe7 16. g5 Ne8 17. Qg4 b5 18. Kb1 Nc7 19. h4 Ne6 20. Rh3 Rad8 21. Rhd3 Bc7 22. Rd5 Rxd5 23. Rxd5 Nf4 24. Rd7 Qc5 25. g3 Ne6 26. Qd1 Nd4 27. Rd5 Qc6 28. Qd3 f6 29. Ba3 Rf7 30. c3 Ne6 31. Bh3 g6 32. Bd6 Ng7 33. gxf6 Rxf6 34. Bxe5 1-0

[Event "Legnica Voivoda Cup 29th"]
[Site "Legnica"]
[Date "2013.11.21"]
[Round "1"]
[White "Agopov, Mikael"]
[Black "Pieniazek, Artur"]
[Result "1-0"]
[WhiteElo "2435"]
[BlackElo "2348"]
[PlyCount "91"]
[EventDate "2013.11.21"]
[EventType "tourn"]
[EventRounds "9"]
[EventCountry "POL"]
[EventCategory "8"]
[SourceTitle "CBM 157 Extra"]
[Source "ChessBase"]
[SourceDate "2013.12.19"]
[SourceVersion "1"]
[SourceVersionDate "2013.12.19"]
[SourceQuality "1"]

1. e4 c5 2. Nf3 e6 3. d4 cxd4 4. Nxd4 Nc6 5. Nc3 Qc7 6. Be3 Nf6 7. Qd2 a6 8. 0-0-0 Be7 9. f3 0-0 10. g4 b5 11. g5 Nh5 12. Kb1 Rd8 13. Nce2 Bb7 14. Ng3 Nxd4 15. Nxh5 Nxf3 16. Qg2 Nh4 17. Qg4 Ng6 18. Bd3 d5 19. exd5 Bxd5 20. Rhf1 Qxh2 21. Bd4 e5 22. Bb6 Be6 23. Qf3 e4 24. Bxe4 Ne5 25. Bxa8 Nxf3 26. Bxd8 Nd2+ 27. Rxd2 Qxd2 28. Bxe7 Qd7 29. Ba3 Qe8 30. Bf3 a5 31. b3 Bf5 32. Bb2 Qc8 33. Bd1 Bg6 34. Nxg7 a4 35. Re1 f5 36. gxf6 axb3 37. axb3 Qh3 38. Re7 Qh1 39. Rd7 Bxc2+ 40. Kc1 Bxb3 41. f7+ Bxf7 42. Rd8+ Be8 43. Nxe8 Qh6+ 44. Kb1 Qg6+ 45. Bc2 Qg1+ 46. Rd1 1-0

[Event "POL-chT 69th"]
[Site "Poland"]
[Date "2013.09.01"]
[Round "6.3"]
[White "Pieniazek, Artur"]
[Black "Piorun, Kacper"]
[Result "0-1"]
[WhiteElo "2360"]
[BlackElo "2559"]
[PlyCount "86"]
[EventDate "2013.05.24"]
[EventType "team-tourn"]
[EventRounds "9"]
[EventCountry "POL"]
[SourceTitle "EXT 2014"]
[Source "ChessBase"]
[SourceDate "2013.11.20"]
[SourceVersion "1"]
[SourceVersionDate "2013.11.20"]
[SourceQuality "1"]
[WhiteTeam "Legnica Miedz"]
[BlackTeam "Gorzow Wielkopolski Stilon"]
[WhiteTeamCountry "POL"]
[BlackTeamCountry "POL"]

1. d4 Nf6 2. c4 g6 3. g3 Bg7 4. Bg2 0-0 5. Nc3 d6 6. Nf3 Nbd7 7. 0-0 e5 8. e4 exd4 9. Nxd4 Re8 10. h3 Nc5 11. Re1 Bd7 12. Rb1 h6 13. b4 Ne6 14. Nxe6 Bxe6 15. Nd5 c6 16. Nxf6+ Bxf6 17. Bxh6 Bxc4 18. Qc2 Be6 19. Rbd1 Qb6 20. a3 a5 21. Be3 Qc7 22. b5 a4 23. Bd4 Bxd4 24. Rxd4 Qa5 25. Qb1 cxb5 26. Bf1 Qc3 27. Qb4 Rec8 28. Bxb5 Bxh3 29. Qxc3 Rxc3 30. Ra1 Ra5 31. Bxa4 b5 32. Bd1 Rcxa3 33. Rxa3 Rxa3 34. g4 Ra1 35. Kh2 Bf1 36. Rxd6 Bc4 37. f4 b4 38. Rd4 Rc1 39. e5 b3 40. Bxb3 Bxb3 41. Kg3 Be6 42. g5 Rc3+ 43. Kf2 Kf8 0-1

[Event "POL-chT 69th"]
[Site "Poland"]
[Date "2013.08.31"]
[Round "5.3"]
[White "Jakubiec, Artur"]
[Black "Pieniazek, Artur"]
[Result "1-0"]
[WhiteElo "2531"]
[BlackElo "2360"]
[PlyCount "103"]
[EventDate "2013.05.24"]
[EventType "team-tourn"]
[EventRounds "9"]
[EventCountry "POL"]
[SourceTitle "EXT 2014"]
[Source "ChessBase"]
[SourceDate "2013.11.20"]
[SourceVersion "1"]
[SourceVersionDate "2013.11.20"]
[SourceQuality "1"]
[WhiteTeam "Krakow TKKF Drogowiec"]
[BlackTeam "Legnica Miedz"]
[WhiteTeamCountry "POL"]
[BlackTeamCountry "POL"]

1. e4 c5 2. c3 d5 3. exd5 Qxd5 4. d4 Nf6 5. Nf3 e6 6. Na3 Be7 7. Nb5 Na6 8. c4 Qd8 9. Be2 0-0 10. 0-0 Nc7 11. Nc3 cxd4 12. Nxd4 e5 13. Nf3 e4 14. Nd4 Bd6 15. Be3 Qe7 16. Ndb5 Nxb5 17. Nxb5 Bb8 18. Qd4 Ng4 19. Bxg4 Bxg4 20. Nc3 Qe5 21. Qxe5 Bxe5 22. Rac1 Bxc3 23. Rxc3 Rfd8 24. h3 Be6 25. Rfc1 h6 26. a4 a6 27. b4 Rd3 28. b5 axb5 29. axb5 Rxc3 30. Rxc3 Ra1+ 31. Kh2 Rb1 32. b6 Rd1 33. c5 Bd5 34. Ra3 Bc6 35. Ra8+ Kh7 36. h4 Rd5 37. Rf8 Kg6 38. g4 h5 39. Rc8 Bb5 40. Bf4 Rd7 41. gxh5+ Kxh5 42. Kg3 Kg6 43. Bd6 Kf5 44. h5 f6 45. Kh4 g5+ 46. hxg6 Rg7 47. c6 bxc6 48. Bf8 Rb7 49. g7 Bc4 50. Rxc6 Bg8 51. Kg3 Bf7 52. Rc7 1-0

[Event "Wroclaw op-A 8th"]
[Site "Wroclaw"]
[Date "2013.07.02"]
[Round "2"]
[White "Guzewicz, Rafal"]
[Black "Pieniazek, Artur"]
[Result "1/2-1/2"]
[WhiteElo "1986"]
[BlackElo "2362"]
[PlyCount "105"]
[EventDate "2013.07.01"]
[EventType "swiss"]
[EventRounds "9"]
[EventCountry "POL"]
[SourceTitle "CBM 155 Extra"]
[Source "ChessBase"]
[SourceDate "2013.08.26"]
[SourceVersion "1"]
[SourceVersionDate "2013.08.26"]
[SourceQuality "1"]

1. d4 Nf6 2. Bf4 e6 3. e3 c5 4. c3 b6 5. Nd2 cxd4 6. exd4 Be7 7. h3 0-0 8. Ngf3 d6 9. Be2 Ba6 10. 0-0 Bxe2 11. Qxe2 Nbd7 12. Rfe1 Qc8 13. Bh2 Qb7 14. Nc4 Qc6 15. a4 Nd5 16. Ne3 Nxe3 17. Qxe3 Nf6 18. Qe2 Rfc8 19. Ng5 Qd5 20. Ne4 Nxe4 21. Qxe4 Qxe4 22. Rxe4 d5 23. Re3 a6 24. f4 Bf6 25. g4 b5 26. axb5 axb5 27. Rxa8 Rxa8 28. f5 Ra6 29. Bf4 h6 30. fxe6 fxe6 31. Rf3 Ra2 32. b4 Rc2 33. Kf1 Kf7 34. h4 Ke8 35. Bxh6 Bxd4 36. cxd4 gxh6 37. Rf6 Ke7 38. Rxh6 Rc4 39. Rh7+ Kf6 40. g5+ Kf5 41. Rf7+ Kg4 42. g6 Rc8 43. Rh7 e5 44. g7 Kf3 45. Ke1 Ke3 46. Kd1 Rg8 47. h5 exd4 48. h6 Ra8 49. Rh8 Ra1+ 50. Kc2 d3+ 51. Kb2 d2 52. g8Q Rb1+ 53. Kxb1 1/2-1/2

[Event "Wroclaw Anderssen Memorial op-B 22nd"]
[Site "Wroclaw"]
[Date "2013.06.30"]
[Round "6"]
[White "Oszczanowski, Witold"]
[Black "Pieniazek, Artur"]
[Result "0-1"]
[WhiteElo "1936"]
[BlackElo "2362"]
[PlyCount "82"]
[EventDate "2013.06.30"]
[EventType "swiss"]
[EventRounds "7"]
[EventCountry "POL"]
[SourceTitle "EXT 2014"]
[Source "ChessBase"]
[SourceDate "2013.11.20"]
[SourceVersion "1"]
[SourceVersionDate "2013.11.20"]
[SourceQuality "1"]

1. Nc3 d5 2. e4 d4 3. Nce2 e5 4. Nf3 f6 5. Ng3 Be6 6. Bb5+ Nd7 7. d3 Bb4+ 8. Kf1 g6 9. Ba4 Qe7 10. Bb3 h5 11. Nh4 Nf8 12. Bxe6 Qxe6 13. a3 Bd6 14. b4 a5 15. Bd2 a4 16. h3 Qe7 17. Qc1 Qf7 18. Ne2 Ne7 19. g3 g5 20. Nf3 Ne6 21. c4 dxc3 22. Bxc3 0-0-0 23. Qc2 g4 24. Nh4 Qe8 25. hxg4 hxg4 26. Kg2 Qc6 27. b5 Qxb5 28. Rab1 Qc6 29. Qa2 Bc5 30. Qc4 Bxa3 31. Qa2 Rxd3 32. Qxa3 Qxe4+ 33. Kg1 Nd5 34. Qb2 Nb6 35. Ba5 Rb3 36. Qxb3 axb3 37. Re1 b2 38. Nc3 Qxe1+ 39. Kg2 Qd2 40. Rb1 Nc4 41. Ne4 Qxa5 0-1

[Event "Wroclaw Anderssen Memorial op 22nd"]
[Site "Wroclaw"]
[Date "2013.06.29"]
[Round "3"]
[White "Cukrowski, Filip"]
[Black "Pieniazek, Artur"]
[Result "0-1"]
[WhiteElo "2178"]
[BlackElo "2362"]
[PlyCount "73"]
[EventDate "2013.06.29"]
[EventType "swiss (rapid)"]
[EventRounds "9"]
[EventCountry "POL"]
[SourceTitle "CBM 155 Extra"]
[Source "ChessBase"]
[SourceDate "2013.08.26"]
[SourceVersion "1"]
[SourceVersionDate "2013.08.26"]
[SourceQuality "1"]

1. e4 c5 2. Nf3 e6 3. d4 cxd4 4. Nxd4 Nc6 5. Nc3 Qc7 6. Be3 a6 7. Qd2 Nf6 8. 0-0-0 Bb4 9. f3 d5 10. a3 Bxc3 11. Qxc3 dxe4 12. fxe4 Nxe4 13. Qc4 0-0 14. Nxc6 Qxc6 15. Qxc6 bxc6 16. Be2 e5 17. Bf3 Bf5 18. g4 Bg6 19. Rhe1 Rfc8 20. h4 h6 21. Bg1 Nf6 22. Rxe5 Nd5 23. c4 Nf4 24. Re3 Rd8 25. Bxc6 Rxd1+ 26. Kxd1 Rd8+ 27. Bd5 h5 28. gxh5 Nxd5 29. cxd5 Rxd5+ 30. Kc1 Rxh5 31. Bf2 Rf5 32. Be1 Kh7 33. b4 Rd5 34. a4 f6 35. Kb2 Bf5 36. Kc3 Bd7 37. Rd3 0-1

[Event "Wroclaw Anderssen Memorial op 22nd"]
[Site "Wroclaw"]
[Date "2013.06.29"]
[Round "2"]
[White "Pieniazek, Artur"]
[Black "Probola, Ryszard"]
[Result "0-1"]
[WhiteElo "2362"]
[BlackElo "2162"]
[PlyCount "112"]
[EventDate "2013.06.29"]
[EventType "swiss (rapid)"]
[EventRounds "9"]
[EventCountry "POL"]
[SourceTitle "CBM 155 Extra"]
[Source "ChessBase"]
[SourceDate "2013.08.26"]
[SourceVersion "1"]
[SourceVersionDate "2013.08.26"]
[SourceQuality "1"]

1. d4 Nf6 2. c4 e5 3. dxe5 Ne4 4. Nf3 Bb4+ 5. Nbd2 Nc6 6. a3 Bxd2+ 7. Nxd2 Nxd2 8. Bxd2 Nxe5 9. Bc3 f6 10. e3 Qe7 11. Qh5+ Qf7 12. Qxf7+ Kxf7 13. h3 d6 14. f4 Nc6 15. Kf2 a5 16. b3 Re8 17. Bd3 f5 18. g4 Ne7 19. Rhg1 g6 20. gxf5 Nxf5 21. e4 Ne7 22. h4 Rg8 23. Rg5 b6 24. Rag1 h6 25. R5g3 Bd7 26. h5 Raf8 27. Ke3 gxh5 28. Bg7 Re8 29. Bxh6 Nf5+ 30. Kf3 Nxh6 31. f5 Ng4 32. Kf4 Bc6 33. c5 Nf2 34. Bc4+ Kf6 35. Rxg8 Nh3+ 36. Kf3 Bxe4+ 37. Ke2 Nxg1+ 38. Rxg1 Bxf5+ 39. Kf2 bxc5 40. Rh1 Bg4 41. Kg3 a4 42. bxa4 Re3+ 43. Kf4 Rf3+ 44. Ke4 Rxa3 45. Rf1+ Kg5 46. Bb5 h4 47. Rf7 h3 48. Rg7+ Kh4 49. Bc6 Ra1 50. Ke3 Rf1 51. a5 h2 52. a6 Kg3 53. Bh1 Rxh1 54. a7 Ra1 55. Rxc7 Be6 56. Rg7+ Bg4 0-1

[Event "POL-chT 69th"]
[Site "Poland"]
[Date "2013.05.26"]
[Round "3"]
[White "Heberla, Bartlomiej"]
[Black "Pieniazek, Artur"]
[Result "1/2-1/2"]
[WhiteElo "2562"]
[BlackElo "2360"]
[PlyCount "86"]
[EventDate "2013.05.24"]
[EventType "team-tourn"]
[EventRounds "9"]
[EventCountry "POL"]
[SourceTitle "CBM 154 Extra"]
[Source "ChessBase"]
[SourceDate "2013.06.25"]
[SourceVersion "2"]
[SourceVersionDate "2013.06.25"]
[SourceQuality "1"]
[WhiteTeam "Znin Baszta"]
[BlackTeam "Legnica Miedz"]
[WhiteTeamCountry "POL"]
[BlackTeamCountry "POL"]

1. e4 c5 2. Nf3 e6 3. c3 d5 4. exd5 Qxd5 5. d4 Nf6 6. Be2 cxd4 7. cxd4 Nc6 8. 0-0 Be7 9. Nc3 Qd8 10. Be3 0-0 11. Ne5 Nb4 12. Bf3 Nfd5 13. Qb3 Nxe3 14. fxe3 Bd6 15. a3 Nc6 16. Bxc6 bxc6 17. Ne4 Rb8 18. Qc3 Rb5 19. Nxd6 Qxd6 20. b4 Bb7 21. e4 a5 22. Rab1 axb4 23. axb4 Qe7 24. Nd3 Rh5 25. h3 Ba6 26. Nf4 Rg5 27. Rf3 e5 28. h4 Rg4 29. dxe5 Qxh4 30. Qe3 Qg5 31. Ra1 Bb5 32. Rc1 Qxe5 33. Rc5 Qa1+ 34. Kh2 Rh4+ 35. Kg3 Rh6 36. Rg5 Qh1 37. Rg4 Bc4 38. Qd4 Qe1+ 39. Rf2 g6 40. Qxc4 Qe3+ 41. Rf3 Qe1+ 42. Rf2 Qe3+ 43. Rf3 Qe1+ 1/2-1/2

[Event "POL-chT 69th"]
[Site "Poland"]
[Date "2013.05.24"]
[Round "1"]
[White "Pieniazek, Artur"]
[Black "Urban, Klaudiusz"]
[Result "1/2-1/2"]
[WhiteElo "2360"]
[BlackElo "2465"]
[PlyCount "63"]
[EventDate "2013.05.24"]
[EventType "team-tourn"]
[EventRounds "9"]
[EventCountry "POL"]
[SourceTitle "CBM 154 Extra"]
[Source "ChessBase"]
[SourceDate "2013.06.25"]
[SourceVersion "2"]
[SourceVersionDate "2013.06.25"]
[SourceQuality "1"]
[WhiteTeam "Legnica Miedz"]
[BlackTeam "Poznan Politechnika"]
[WhiteTeamCountry "POL"]
[BlackTeamCountry "POL"]

1. d4 d5 2. c4 e6 3. Nc3 c6 4. e3 Nf6 5. Nf3 Be7 6. Qc2 0-0 7. a3 b6 8. Bd3 Bb7 9. 0-0 Nbd7 10. b3 Rc8 11. Bb2 h6 12. Rfd1 Qc7 13. Rac1 Rfd8 14. e4 dxe4 15. Nxe4 Nxe4 16. Bxe4 Nf6 17. Ne5 Nxe4 18. Qxe4 c5 19. d5 Bf6 20. Rd3 exd5 21. cxd5 b5 22. Rcd1 Rd6 23. Bc3 Re8 24. f4 Qc8 25. h3 Bd8 26. Rg3 Bf6 27. Rgd3 Qa8 28. Ba5 Bd8 29. Bc3 Bf6 30. Ba5 Bd8 31. Bc3 Bf6 32. Ba5 1/2-1/2

[Event "Legnica Voivoda Cup 28th"]
[Site "Legnica"]
[Date "2012.11.28"]
[Round "9"]
[White "Bures, Jaroslav"]
[Black "Pieniazek, Artur"]
[Result "0-1"]
[WhiteElo "2397"]
[BlackElo "2368"]
[PlyCount "86"]
[EventDate "2012.11.22"]
[EventType "tourn"]
[EventRounds "9"]
[EventCountry "POL"]
[EventCategory "9"]
[SourceTitle "CBM 151 Extra"]
[Source "ChessBase"]
[SourceDate "2012.12.18"]
[SourceVersion "1"]
[SourceVersionDate "2012.12.18"]
[SourceQuality "1"]

1. e4 c5 2. Nf3 e6 3. d4 cxd4 4. Nxd4 Nc6 5. Nc3 Qc7 6. Be3 a6 7. Be2 Nf6 8. 0-0 Be7 9. f4 d6 10. a4 0-0 11. Kh1 Re8 12. Bf3 Na5 13. g4 d5 14. exd5 Nxd5 15. Bxd5 exd5 16. Nxd5 Qd6 17. Nf5 Bxf5 18. gxf5 Rad8 19. Nc3 Qf6 20. Qf3 Qxf5 21. Bb6 Rd2 22. Bxa5 Qxa5 23. Rae1 Qd8 24. Qe4 Qd7 25. Rd1 Qh3 26. Ne2 Kf8 27. Rde1 Bd6 28. Qxe8+ Kxe8 29. Ng1+ Qe6 30. Nf3 Re2 31. Rxe2 Qxe2 32. Re1 Qxe1+ 33. Nxe1 Bxf4 34. Nd3 Bd6 35. c4 a5 36. Kg2 Kd7 37. h3 Kc6 38. Kf3 f5 39. Ke3 g5 40. Kd4 b6 41. Ke3 h5 42. Kf3 Kd7 43. b3 Ke6 0-1

[Event "Legnica Voivoda Cup 28th"]
[Site "Legnica"]
[Date "2012.11.25"]
[Round "5"]
[White "Romanishin, Oleg M"]
[Black "Pieniazek, Artur"]
[Result "1-0"]
[WhiteElo "2530"]
[BlackElo "2368"]
[PlyCount "51"]
[EventDate "2012.11.22"]
[EventType "tourn"]
[EventRounds "9"]
[EventCountry "POL"]
[EventCategory "9"]
[SourceTitle "CBM 151 Extra"]
[Source "ChessBase"]
[SourceDate "2012.12.18"]
[SourceVersion "1"]
[SourceVersionDate "2012.12.18"]
[SourceQuality "1"]

1. Nf3 Nf6 2. g3 d5 3. Bg2 e6 4. 0-0 Be7 5. c4 0-0 6. d4 dxc4 7. Qc2 a6 8. a4 Bd7 9. Qxc4 Bc6 10. Bg5 Bd5 11. Qd3 c5 12. Nc3 Bc6 13. Rfd1 cxd4 14. Nxd4 Bxg2 15. Kxg2 Nbd7 16. Qf3 Rb8 17. e4 h6 18. Bf4 e5 19. Nf5 exf4 20. e5 Bb4 21. Nxh6+ Kh7 22. exf6 Bxc3 23. bxc3 Kxh6 24. fxg7 Rg8 25. Qxf4+ Kxg7 26. Rd6 1-0

[Event "POL-chT 1st League"]
[Site "Poronin"]
[Date "2012.09.??"]
[Round "4"]
[White "Miroslaw, Michal"]
[Black "Pieniazek, Artur"]
[Result "0-1"]
[WhiteElo "2337"]
[BlackElo "2366"]
[PlyCount "78"]
[EventDate "2012.09.01"]
[EventType "team-tourn"]
[EventRounds "9"]
[EventCountry "POL"]
[SourceTitle "EXT 2013"]
[Source "ChessBase"]
[SourceDate "2012.11.22"]
[SourceVersion "1"]
[SourceVersionDate "2012.11.22"]
[SourceQuality "1"]
[WhiteTeam "Lublin Drakon SKOK Chmielewskiego"]
[BlackTeam "Legnica Miedz"]
[WhiteTeamCountry "POL"]
[BlackTeamCountry "POL"]

1. e4 c5 2. Nf3 e6 3. d4 cxd4 4. Nxd4 Nc6 5. Nc3 Qc7 6. Be3 a6 7. a3 Nf6 8. Bd3 Be7 9. Qe2 0-0 10. 0-0 d6 11. f4 Bd7 12. Nb3 Rfe8 13. g4 g6 14. g5 Nh5 15. Qf2 b5 16. f5 Ne5 17. f6 Ng4 18. Qe2 Nxe3 19. Qxe3 Bd8 20. Be2 Qb6 21. Qxb6 Bxb6+ 22. Kg2 Bc6 23. Bxh5 gxh5 24. Kg3 a5 25. Rfe1 h6 26. Rad1 b4 27. Nb1 hxg5 28. Nd4 Rac8 29. Nxc6 Rxc6 30. c3 Kh7 31. axb4 axb4 32. Re2 bxc3 33. Nxc3 Kg6 34. Kf3 Ba5 35. Nb5 Rb8 36. Rxd6 Rc1 37. Nd4 Bc7 38. Rd7 Be5 39. h3 Rb6 0-1

[Event "Cappelle op 28th"]
[Site "Cappelle la Grande"]
[Date "2012.03.04"]
[Round "2"]
[White "Nyzhnyk, Illya"]
[Black "Pieniazek, Artur"]
[Result "1/2-1/2"]
[WhiteElo "2585"]
[BlackElo "2368"]
[PlyCount "80"]
[EventDate "2012.03.03"]
[EventType "swiss"]
[EventRounds "9"]
[EventCountry "FRA"]
[SourceTitle "CBM 147 Extra"]
[Source "ChessBase"]
[SourceDate "2012.04.24"]
[SourceVersion "1"]
[SourceVersionDate "2012.04.24"]
[SourceQuality "1"]

1. d4 Nf6 2. c4 e6 3. Nf3 b6 4. g3 Ba6 5. Qa4 c5 6. Bg2 Bb7 7. dxc5 bxc5 8. 0-0 Be7 9. Nc3 Qb6 10. Rd1 0-0 11. Bf4 a6 12. Rd2 Rd8 13. Rad1 d6 14. Qb3 Qxb3 15. axb3 Ne8 16. e4 f6 17. e5 fxe5 18. Nxe5 Bxg2 19. Kxg2 Rc8 20. Nf3 Nc6 21. Bg5 Bxg5 22. Nxg5 Nd4 23. b4 Nb3 24. Re2 cxb4 25. Na4 Rab8 26. Rxe6 Nc5 27. Nxc5 Rxc5 28. h4 h6 29. Ne4 Rxc4 30. b3 Rc2 31. Re7 a5 32. Ra7 Re2 33. Rd4 d5 34. Nc5 Nf6 35. Rxa5 Ne4 36. Nxe4 dxe4 37. Re5 Rb2 38. Rdxe4 Rxb3 39. Re8+ Rxe8 40. Rxe8+ Kf7 1/2-1/2

[Event "Cappelle op 28th"]
[Site "Cappelle la Grande"]
[Date "2012.03.03"]
[Round "1"]
[White "Pieniazek, Artur"]
[Black "Vorobiov, Evgeny E"]
[Result "1/2-1/2"]
[WhiteElo "2368"]
[BlackElo "2580"]
[PlyCount "41"]
[EventDate "2012.03.03"]
[EventType "swiss"]
[EventRounds "9"]
[EventCountry "FRA"]
[SourceTitle "CBM 147 Extra"]
[Source "ChessBase"]
[SourceDate "2012.04.24"]
[SourceVersion "1"]
[SourceVersionDate "2012.04.24"]
[SourceQuality "1"]

1. d4 Nf6 2. c4 g6 3. g3 c5 4. Nf3 cxd4 5. Nxd4 Bg7 6. Bg2 0-0 7. Nc3 Nc6 8. 0-0 d6 9. Nxc6 bxc6 10. Bxc6 Rb8 11. Bg2 Qc7 12. b3 d5 13. Bf4 e5 14. Bg5 dxc4 15. Bxf6 Bxf6 16. Nd5 Qd8 17. Nxf6+ Qxf6 18. bxc4 Bb7 19. Bxb7 Rxb7 20. Rb1 Rc7 21. Rb4 1/2-1/2

[Event "Legnica Voivoda Cup 27th"]
[Site "Legnica"]
[Date "2011.11.25"]
[Round "3"]
[White "Sergeev, Vladimir"]
[Black "Pieniazek, Artur"]
[Result "1/2-1/2"]
[WhiteElo "2526"]
[BlackElo "2359"]
[PlyCount "113"]
[EventDate "2011.11.24"]
[EventType "tourn"]
[EventRounds "9"]
[EventCountry "POL"]
[EventCategory "9"]
[SourceTitle "CBM 145 Extra"]
[Source "ChessBase"]
[SourceDate "2012.01.03"]
[SourceVersion "1"]
[SourceVersionDate "2012.01.03"]
[SourceQuality "1"]

1. g3 d5 2. Bg2 Nf6 3. c4 e6 4. Nf3 Be7 5. 0-0 0-0 6. Nc3 d4 7. Nb5 c5 8. d3 a6 9. Na3 Nc6 10. e4 dxe3 11. Bxe3 e5 12. Bg5 Bf5 13. Re1 Qd6 14. Qb3 h6 15. Nh4 Bd7 16. Be3 Ng4 17. Nf3 Rab8 18. Rad1 Nxe3 19. Rxe3 Bg4 20. Rf1 Bxf3 21. Bxf3 Bg5 22. Ree1 Bd2 23. Rb1 Nd4 24. Qd1 Nxf3+ 25. Qxf3 Rfd8 26. Qe2 Bb4 27. Rfd1 Bxa3 28. bxa3 b5 29. cxb5 Rxb5 30. Rbc1 Ra5 31. Rc3 Rb5 32. Rdc1 Rdb8 33. Qe3 Rc8 34. Rc4 Qd5 35. a4 Rb2 36. Rxc5 Rxc5 37. Qxc5 Qxc5 38. Rxc5 Rxa2 39. Ra5 Ra3 40. Rxa6 Rxd3 41. Ra8+ Kh7 42. h4 h5 43. Kf1 Rd2 44. a5 Ra2 45. a6 Kg6 46. Ra7 f6 47. Kg2 e4 48. Kf1 Kf5 49. Rxg7 Rxa6 50. Rh7 Kg6 51. Re7 Kf5 52. Kg2 Ra2 53. Re8 Rb2 54. Re7 Ra2 55. Re8 Rb2 56. Kf1 Ra2 57. Re7 1/2-1/2

[Event "POL-chT1"]
[Site "Mrzezyno"]
[Date "2011.09.08"]
[Round "6"]
[White "Pieniazek, Artur"]
[Black "Jakubiec, Artur"]
[Result "0-1"]
[WhiteElo "2362"]
[BlackElo "2528"]
[PlyCount "82"]
[EventDate "2011.09.03"]
[EventType "team-tourn"]
[EventRounds "9"]
[EventCountry "POL"]
[SourceTitle "CBM 144 Extra"]
[Source "ChessBase"]
[SourceDate "2011.10.28"]
[SourceVersion "1"]
[SourceVersionDate "2011.10.28"]
[SourceQuality "1"]
[WhiteTeam "Legnica Miedz"]
[BlackTeam "Krakow TKKF Drogowiec"]
[WhiteTeamCountry "POL"]
[BlackTeamCountry "POL"]

1. d4 f5 2. c4 Nf6 3. Nf3 g6 4. g3 Bg7 5. Bg2 0-0 6. 0-0 d6 7. Nc3 c6 8. d5 e5 9. dxe6 Bxe6 10. b3 Na6 11. Bb2 Nc5 12. Qc2 Qc7 13. Rad1 Rae8 14. e3 Bc8 15. h3 h6 16. b4 Na6 17. a3 Be6 18. Ne2 Bf7 19. h4 Qe7 20. Rd3 Nc7 21. Rc1 Rd8 22. Bd4 a6 23. c5 d5 24. Nf4 Ng4 25. Bxg7 Kxg7 26. Nd4 Qf6 27. Rb3 Be8 28. Bh3 Kg8 29. Qe2 Ne5 30. Nd3 Bd7 31. Nxe5 Qxe5 32. Qf3 g5 33. Qh5 Qg7 34. hxg5 hxg5 35. Bf1 Ne8 36. Bd3 Nf6 37. Qe2 Ne4 38. Kg2 Rde8 39. Bxe4 Rxe4 40. Rh1 Qxd4 41. Qh5 Qg7 0-1

[Event "Legnica Voivoda Cup 26th"]
[Site "Legnica"]
[Date "2010.12.01"]
[Round "9"]
[White "Pieniazek, Artur"]
[Black "Luch, Michal"]
[Result "1/2-1/2"]
[WhiteElo "2366"]
[BlackElo "2387"]
[PlyCount "28"]
[EventDate "2010.11.25"]
[EventType "tourn"]
[EventRounds "9"]
[EventCountry "POL"]
[EventCategory "8"]
[SourceTitle "CBM 139 Extra"]
[Source "ChessBase"]
[SourceDate "2011.01.05"]
[SourceVersion "1"]
[SourceVersionDate "2011.01.05"]
[SourceQuality "1"]

1. d4 d5 2. c4 e6 3. Nf3 Nf6 4. g3 Be7 5. Bg2 0-0 6. 0-0 dxc4 7. Qc2 a6 8. Qxc4 b5 9. Qc2 Bb7 10. Bd2 Be4 11. Qc1 Bb7 12. Qc2 Be4 13. Qc1 Bb7 14. Qd1 Be4 1/2-1/2

[Event "Legnica Voivoda Cup 26th"]
[Site "Legnica"]
[Date "2010.11.30"]
[Round "8"]
[White "Maksimenko, Andrei"]
[Black "Pieniazek, Artur"]
[Result "1/2-1/2"]
[WhiteElo "2540"]
[BlackElo "2366"]
[PlyCount "64"]
[EventDate "2010.11.25"]
[EventType "tourn"]
[EventRounds "9"]
[EventCountry "POL"]
[EventCategory "8"]
[SourceTitle "CBM 139 Extra"]
[Source "ChessBase"]
[SourceDate "2011.01.05"]
[SourceVersion "1"]
[SourceVersionDate "2011.01.05"]
[SourceQuality "1"]

1. e4 c5 2. Nf3 e6 3. d4 cxd4 4. Nxd4 Nf6 5. Nc3 d6 6. Be3 a6 7. f3 b5 8. Qd2 Nbd7 9. g4 Nb6 10. a4 Nc4 11. Bxc4 bxc4 12. a5 Qc7 13. Na4 Nd7 14. 0-0-0 Rb8 15. Ne2 Be7 16. Qc3 Bf6 17. Bd4 Rb5 18. Bxf6 gxf6 19. Nb6 Nxb6 20. Qxf6 Rg8 21. axb6 Qxb6 22. Rd4 Rxb2 23. Rxc4 Rb1+ 24. Kd2 Bd7 25. Rxb1 Qxb1 26. e5 Qb6 27. Rd4 Qa5+ 28. Nc3 Qxe5 29. Ne4 Rg6 30. Nxd6+ Qxd6 31. Qh8+ Qf8 32. Qxf8+ Kxf8 1/2-1/2